Central Library OPAC University of Rajshahi

Aspects of palynology / (Record no. 11534)

MARC details
000 -LEADER
fixed length control field 00788cam a2200265 4500
001 - CONTROL NUMBER
control field 11534
003 - CONTROL NUMBER IDENTIFIER
rucl marc code BD-RjUL
005 - DATE AND TIME OF LATEST TRANSACTION
control field 20211208235136.0
008 - FIXED-LENGTH DATA ELEMENTS--GENERAL INFORMATION
fixed length control field 140127s1969 nyua b 001 0 eng
020 ## - INTERNATIONAL STANDARD BOOK NUMBER
International Standard Book Number 0471892203
035 ## - SYSTEM CONTROL NUMBER
System control number (BD-RjUL)11583
040 ## - CATALOGING SOURCE
Original cataloging agency DLC
Transcribing agency DLC
Modifying agency DLC
-- BD-RjUL
Language of cataloging eng
041 ## - LANGUAGE CODE
Language code of text/sound track or separate title eng
082 00 - DEWEY DECIMAL CLASSIFICATION NUMBER
Classification number 561.13
Author mark and year ASP 1969
245 10 - TITLE STATEMENT
Title Aspects of palynology /
Statement of responsibility, etc. Edited by Robert H. Tschudy [and] Richard A. Scott, editors.
260 ## - PUBLICATION, DISTRIBUTION, ETC. (IMPRINT)
Place of publication, distribution, etc. New York :
Name of publisher, distributor, etc. Wiley-Interscience,
Date of publication, distribution, etc. [c1969.
300 ## - PHYSICAL DESCRIPTION
Pagination vii, 510 p. :
Illustrations illus. ;
Size 26 cm.
504 ## - BIBLIOGRAPHY, ETC. NOTE
Bibliography, etc Includes bibliographical references.
650 #0 - SUBJECT ADDED ENTRY--TOPICAL TERM
Topical term or geographic name as entry element Palynology.
9 (RLIN) 35633
700 1# - ADDED ENTRY--PERSONAL NAME
Personal name Tschudy, Robert H.
Personal name Scott, Richard A.
942 ## - ADDED ENTRY ELEMENTS (KOHA)
Source of classification or shelving scheme Dewey Decimal Classification
Koha item type Books
Holdings
Lost status Source of classification or shelving scheme Damaged status Not for loan Collection code Permanent Location Current Location Shelving location Date acquired Source of acquisition Cost, normal purchase price Total Checkouts Full call number Date last seen Copy number Koha item type
  Dewey Decimal Classification     Non-fiction Central Library, University of Rajshahi Central Library, University of Rajshahi   07/05/1977 W. Heffer and sons. 25.00   561.13 ASP 1969 27/01/2014 C-4 Books
  Dewey Decimal Classification   Not For Loan Non-fiction Central Library, University of Rajshahi Central Library, University of Rajshahi Reading Room 07/05/1977 W.Hefferson & sons 25.00   561.13 ASP 1969 09/04/2017 C-1 Books
  Dewey Decimal Classification     Non-fiction Central Library, University of Rajshahi Central Library, University of Rajshahi   07/05/1977 Heffers and Sons 25.00   561.13 ASP 1969 04/12/2018 C-3 Books
  Dewey Decimal Classification     Non-fiction Central Library, University of Rajshahi Central Library, University of Rajshahi   17/05/1977 W.Heffer and sons 25.00   561.13 ASP 1969 04/02/2019 C-2 Books